[Event "Avoine op 31st"]
[Site "Avoine"]
[Date "2016.07.28"]
[Round "6"]
[White "Motheron, Romain"]
[Black "Sally, Paul Adrien"]
[Result "0-1"]
[WhiteElo "1805"]
[BlackElo "2007"]
[PlyCount "52"]
[EventDate "2016.07.23"]
[EventType "swiss"]
[EventRounds "9"]
[EventCountry "FRA"]
[SourceTitle "CBM 173 Extra"]
[Source "ChessBase"]
[SourceDate "2016.08.29"]
[SourceVersion "1"]
[SourceVersionDate "2016.08.29"]
[SourceQuality "1"]

1. e4 e6 2. d4 c5 3. Nf3 cxd4 4. Nxd4 Nc6 5. Nc3 Bb4 6. Bc4 Nf6 7. f3 d5 8. exd5 exd5 9. Be2 0-0 10. a3 Bc5 11. Nb3 Bb6 12. Bg5 Re8 13. Bxf6 Qxf6 14. Nxd5 Qe5 15. Nxb6 axb6 16. Kf1 Bf5 17. c3 Rad8 18. Qe1 Bc2 19. Nd4 Nxd4 20. cxd4 Qxd4 21. Qc3 Qxc3 22. bxc3 Rd2 23. Bb5 Re5 24. a4 h5 25. Re1 Rxe1+ 26. Kxe1 Rd1+ 0-1

[Event "Avoine op 30th"]
[Site "Avoine"]
[Date "2015.07.23"]
[Round "6"]
[White "Lebret, Jean Michel"]
[Black "Motheron, Romain"]
[Result "1-0"]
[WhiteElo "2096"]
[BlackElo "1818"]
[PlyCount "113"]
[EventDate "2015.07.18"]
[EventType "swiss"]
[EventRounds "9"]
[EventCountry "FRA"]
[SourceTitle "EXT 2016"]
[Source "ChessBase"]
[SourceDate "2015.10.08"]
[SourceVersion "1"]
[SourceVersionDate "2015.10.08"]
[SourceQuality "1"]

1. e4 e6 2. d4 d5 3. e5 c5 4. c3 Nc6 5. Nf3 Qb6 6. a3 f6 7. b4 c4 8. a4 a6 9. g3 fxe5 10. Nxe5 Nf6 11. Bg2 Bd6 12. Nxc6 bxc6 13. a5 Qc7 14. f4 Bd7 15. Nd2 g5 16. fxg5 Bxg3+ 17. Kf1 Rf8 18. gxf6 Rxf6+ 19. Nf3 Bxh2 20. Ke2 Qg3 21. Qf1 0-0-0 22. Rxh2 Rxf3 23. Qxf3 Qxh2 24. Bf4 Qh4 25. Bg3 Qh6 26. Qf4 Qxf4 27. Bxf4 Rf8 28. Be5 Rg8 29. Bh3 h5 30. Rf1 Kd8 31. Bd6 Ke8 32. Rf6 h4 33. Rh6 e5 34. Bxd7+ Kxd7 35. Bxe5 Rg2+ 36. Ke3 Rc2 37. Rd6+ Kc7 38. Rxd5+ Kb7 39. Rd7+ Ka8 40. Rd8+ Kb7 41. Rb8+ Ka7 42. Rc8 h3 43. Rc7+ Ka8 44. Rxc6 Rxc3+ 45. Ke4 Ka7 46. Rc7+ Ka8 47. Kd5 Rf3 48. Rxc4 Rf5 49. Rc8+ Kb7 50. Rh8 h2 51. Rxh2 Rf7 52. Rg2 Ka7 53. Rc2 Kb7 54. Ke6 Rh7 55. Rc7+ Ka8 56. Rc8+ Ka7 57. Rh8 1-0